banner-ar

ابناء الفراعنة المحدثون : (Record no. 60934)

MARC details
000 -الفاتح
حقل البيانات ثابتة الطول 01115nam a22002897a 4500
005 - وقت وتاريخ اخر تعامل مع التسجيلة
رقم الضبط 20240530110435.0
008 - عناصر البيانات ثابتة الطول - معلومات عامة
حقل البيانات ثابتة الطول 150329s2009 ua ao f 000 0 ara d
017 ## - رقم الايداع القانونى
رقم الايداع القانونى 2007/26592
المصدر ( الهيئة المختصة) مصر . دار الكتب المصرية
020 ## - الرقم الدولى المعيارى للكتب
الرقم الدولى المعيارى للكتاب 9789770923078
040 ## - مصدر الفهرسة
وكالة الفهرسة الأصلية EG-CaGPL
082 04 - رقم تصنيف ديوى العشرى
رقم الطبعة 21
رقم التصنيف 390.008
رقم المادة ق/ل أ
100 1# - المدخل الرئيسى - إسم شخصى
الإسم الشخصى ليدر ، س. هـ.
245 10 - بيان العنوان
العنوان ابناء الفراعنة المحدثون :
بقية العنوان دراسة لاخلاق اقباط مصر و عاداتهم /
بيان المسئوليه,etc س. هـ. ليدر ؛ ترجمة احمد محمود
250 ## - بيان الطبعة
بيان الطبعة ط2.
260 ## - PUBLICATION, DISTRIBUTION, ETC. (IMPRINT)
تاريخ النشر أو التوزيع 2009.
300 ## - الوصف المادى
التعداد 379 ص :
تفاصيل ماديه اخرى للوعاء ايض ؛
أبعاد الوعاء 24 سم.
650 04 - المدخل الاضافى بالموضوع-مصطلح موضوعى
مصطلح موضوعي الاقباط
التقسيم الفرعي الجغرافي مصر
650 04 - المدخل الاضافى بالموضوع-مصطلح موضوعى
مصطلح موضوعي سلطة الكنيسة
650 04 - المدخل الاضافى بالموضوع-مصطلح موضوعى
مصطلح موضوعي الاساقفة
650 04 - المدخل الاضافى بالموضوع-مصطلح موضوعى
مصطلح موضوعي التعميد
650 04 - المدخل الاضافى بالموضوع-مصطلح موضوعى
مصطلح موضوعي الاعياد المسيحية
650 04 - المدخل الاضافى بالموضوع-مصطلح موضوعى
مصطلح موضوعي الاقباط
التقسيم الفرعي العام الاحوال الاجتماعية
التقسيم الفرعي الجغرافي مصر
650 04 - المدخل الاضافى بالموضوع-مصطلح موضوعى
مصطلح موضوعي المسيحيون
التقسيم الفرعي العام عادات وتقاليد
التقسيم الفرعي الجغرافي مصر
700 0# - المدخل الاضافى - اسم شخصى
الإسم الشخصى احمد محمود
الدور مترجم
942 ## - عناصر المدخل الإضافي( كوها)
مصدر التصنيف او مخطط الترفيف Dewey Decimal Classification
Koha [default] item type كتاب
260 ## - PUBLICATION, DISTRIBUTION, ETC. (IMPRINT)
-- القاهرة :
-- دار الشروق ،
Holdings
حالة التراجع حالة الفقد حالة تلف ليس للاعارة المكان المؤقت الموقع الحالى تاريخ الاكتساب اجمالي اﻻعارات رقم الطلب الباركود تاريخ اخر مشاهدة تاريخ تفعيل السعر نوع وعاء كوها
        مكتبة القاهرة الكبرى مكتبة القاهرة الكبرى 04/08/2015   390.008 ق/ل أ 160129 04/08/2015 04/08/2015 كتاب

Powered By

EGPV